000 01382cam a2200241 4500
001 ABS65581
008 020627n2002 000 0 eng u
035 _a(Sirsi) u118557
100 _aBarnes, R.
245 _aYou're on your own
260 _c2002
490 _aBuilding
_v267(8236) 31 May 2002, 53(1)
520 _aDiscusses two recent HL decisions in concerning claims for contribution under the Civil Liability (Contribution) Act 1978 which show that the scope for claiming contribution from other negligent parties is much smaller than once thought. The cases examined are "Co-operative Retail Services Ltd v Taylor Young Partnership and others" and "Royal Brompton Hospital National Health Service Trust v Watkins Gray International (UK)". Copies of judgment available on House of Lords website http://www.parliament.the-stationery-office.co.uk/pa/ld199697/ldjudgmt/ldjudgmt.htm?
590 _aABS
650 _aNEGLIGENCE
650 _aCIVIL LIABILITY (CONTRIBUTION) ACT 1978
650 _aCO-OPERATIVE RETAIL SERVICES LTD V TAYLOR YOUNG PARTNERSHIP
650 _aROYAL BROMPTON HOSPITAL NATIONAL HEALTH SERVICE TRUST V WATKINS GRAY INTERNATIONAL (UK)
650 _aCONTRIBUTION CLAIMS
690 _aBUILT ENVIRONMENT-BUILDING CONTRACT FORMS
856 _uhttps://www.parliament.the-stationery-office.co.uk/pa/ld199697/ldjudgmt/ldjudgmt.htm?
942 _n0
999 _c70601
_d70601